Meilleurs Buteur Ligue des Champions 21/22 - Statistiques

Statistiques générales
  • Ce quiz a été pris 69 fois
  • Le résultat moyen est 10 sur 15
Statistiques - réponses
But Club Joueur % Correct
15 Real Madrid Benzema
100%
13 Bayern Munich Lewandowski
95%
6 Paris Saint-Germain Mbappe
93%
8 Liverpool Salah
93%
4 Liverpool Mané
82%
4 Liverpool Roberto Firmino
71%
4 Paris Saint-Germain Messi
70%
6 Bayern Munich Sané
66%
6 Manchester United Cristiano Ronaldo
64%
4 Real Madrid Rodrygo
59%
7 RB Leipzig Nkunku
57%
11 Ajax Amsterdam Haller
48%
7 Manchester City Mahrez
41%
6 Benfica Lisbonne Nunez
39%
6 Villarreal Danjuma
4%
Aucun quiz correspondant
Distribution des résultats
% des personnes avec chaque résultat
Percentile par nombre de réponses
Votre historique - résultats
Vous n’avez pas pris ce quiz